000
00235nam a2200097Ia 4500
008
240331s9999 xx 000 0 und d
082
_b
TAM
100
_a
Sanmugampillai . ed
245
0
_a
Tamilaga naatuppura makkalin paadalkal
942
_c
L
999
_c
3638
_d
3638